1407 1421 1298 1727 1451 1408 1129 1363 1679 1534 1891 1942 1677 1501 1352 1335 1432 1888 1436 1267 1381 1808 1458 1386 1462 1881 1427 1636 1977 1418 1852 1087 1509 1014 1591 1833 1958 1482 1812 1553 1790 1627 1256 1320 1399 1562 1491 1535 1626 1944 1831 1187 1417 1203 1539 1502 1191 1545 1391 1682 1604 1041 1895 1093 1126 1736 1814 1746 1594 1459 1707 1461 1090 1346 1871 1272 1272 1569 1892 1686 1700 1976 1346 1745 1670 1072 1165 1274 1538 1738 1649 1884 1324 1086 1114 1233 1194 1328 1929 BCNSPRNW ULIB Ver.6.0+V

เปลี่ยนเป็นภาษาไทย

Change to English
 แสดงรายละเอียดบรรณานุกรม
  กลับหน้าหลัก

Brief Record : Get Marc (ISO 2709) : E-mail record : QR code < ปิดหน้าต่าง
LEADER : 00000nam 2200000uu 4500
001    13399125541
003     ULIB
008    170623s2559||||th 000 0 tha d
020    ^a9786163448101
060 04 ^aWB100^bภ414ห
100 0  ^aภาคภูมิ เดชหัสดิน
245 10 ^aหมอแล๊บ...ความเชื่อผิดๆชิดซ้าย เรื่องหลอกลวงชิดขวา /^cภาคภูมิ เดชหัสดิน
260    ^aกรุงเทพฯ :^bto share publishing house,^c2559.
300    ^a180 หน้า :^bภาพประกอบ ;^c18 ซม.
650  7 ^aสุขภาพ ^vรวมเรื่อง
945    ^p180^l0^i25217
999    ^aกัณชพร
รายการนี้ยังไม่มีแท็ก
คุณยังไม่ได้ล็อกอิน คุณสามารถมีกิจกรรมร่วมกับเว็บไซต์ได้ แต่ต้องล็อกอินก่อน ::
  ล็อกอิน

รายการสื่อสารสนเทศ

ลำดับที่ ประเภท เลขเรียก/บาร์โค้ด สถานที่ สถานะ
1. การศึกษาทั่วไป
การศึกษาทั่วไป
WB100 ภ414ห ฉ.1 
  Barcode: 25217
ห้องสมุดวิทยาเขตนครสวรรค์
►หนังสือทั่วไป:l:General Books
บนชั้น

รายการใกล้เคียง
    ผู้แต่ง [ภาคภูมิ เดชหัสดิน]

BibComment


ยังไม่เคยถูกคอมเมนท์

คอมเมนท์ทรัพยากรรายการนี้
  คอมเมนท์: หมอแล๊บความเชื่อ..


 Copyright 2026. Bcnsprnw @Library